000 00839nas a22002297a 4500
005 20260518163110.0
008 260518d19972014pormr|p|r|||| 00| z|por d
040 _cBR-ViAPE
245 _aRevista Capixaba Agora
260 _aVitória
_bNegócios de Comunicação Ltda
_c1997-2014
300 _av.
_bil.
310 _aMensal
362 _aAno 1, n. 0 (out. 1997) - ano 3, n. 63 (jun. 2014).
500 _aDisponibilizada apenas a imagem da capa na versão digital, em virtude de restrições de direitos autorais.
500 _aColeção incompleta: disponíveis apenas alguns números do periódico.
650 _2Política
_xEsporte
_xEntrevista
651 _aEspírito Santo (Brasil)
_vPeriódicos
700 _aConrado, Giuliano
_eDiretor
710 _aNegócios de Comunicação Ltda
942 _2ddc
_cPER
_n1
999 _c694
_d694